[Event "Mayors Cup Open"]
[Site "Mumbai IND"]
[Date "2008.05.15"]
[Round "6"]
[White "Krasenkow,M"]
[Black "Thejkumar,M"]
[Result "1-0"]
[WhiteElo "2624"]
[BlackElo "2414"]

1.d4 d5 2.c4 e6 3.Nc3 Be7 4.Nf3 Nf6 5.Bf4 O-O 6.e3 c5 7.dxc5 Bxc5 8.cxd5 Nxd5
9.Nxd5 exd5 10.a3 Nc6 11.Bd3 Bb6 12.O-O d4 13.e4 Bg4 14.h3 Qf6 15.hxg4 Qxf4
16.Nh2 Ne5 17.g3 Qh6 18.Kg2 Rac8 19.f4 Nc4 20.Bxc4 Rxc4 21.Qd3 Rfc8 22.Rf2 Rc1
23.Rxc1 Rxc1 24.Rc2 Rxc2+ 25.Qxc2 Qe6 26.g5 Qd6 27.Qd3 Qc5 28.Nf3 Qc1 29.Qb3 Qb1
30.g6 hxg6 31.Ng5 Kh8 32.Qa4  1-0

[Event "Mayors Cup Open"]
[Site "Mumbai IND"]
[Date "2008.05.19"]
[Round "11"]
[White "Kunte,A"]
[Black "Deshmukh,A"]
[Result "1-0"]
[WhiteElo "2547"]
[BlackElo "2248"]

1.d4 Nf6 2.c4 e6 3.Nf3 d5 4.Nc3 Be7 5.Bf4 O-O 6.e3 a6 7.cxd5 Nxd5 8.Bg3 Nxc3
9.bxc3 c5 10.Bd3 cxd4 11.exd4 Qa5 12.Qc2 h6 13.O-O Nd7 14.Rfe1 Nf6 15.Ne5 Qd8
16.Qe2 Nd5 17.Rac1 Bg5 18.Rc2 Bd7 19.h4 Be7 20.Qe4 f5 21.Qf3 Ba4 22.Rb2 Rc8
23.Rxb7 Rxc3 24.Qe2 f4 25.Bh2 Rc7 26.Rxc7 Qxc7 27.Qg4 Rf6 28.Bc4 Bd6 29.Bxd5 exd5
30.Bxf4 Qc3 31.Re3 Qxd4 32.Qc8+ Kh7 33.Bg3 Qd1+ 34.Kh2 d4 35.Rd3 Qe2 36.Qg4 Rxf2
37.Qg6+ Kh8 38.Bxf2 Bxe5+ 39.Bg3 Bxg3+ 40.Rxg3 Qe5 41.Qxa6 Bb5 42.Qa5 d3
43.a4 d2 44.Qd8+ Be8 45.Qxd2 Bxa4 46.Qc3 Qe7 47.Qd4 Bc6 48.Rg6 Qc7+ 49.Kh1 Kh7
50.Qd3 Bb5 51.Qb1 Qc4 52.Rb6+ Kg8 53.Rb8+  1-0

[Event "Bicentenary Open"]
[Site "Mostoles ESP"]
[Date "2008.05.22"]
[Round "3"]
[White "Pogorelov,R"]
[Black "De la Fuente Gonzalez,F"]
[Result "1-0"]
[WhiteElo "2423"]
[BlackElo "2244"]

1.Nf3 Nf6 2.c4 e6 3.Nc3 d5 4.d4 Be7 5.Bf4 O-O 6.e3 c5 7.dxc5 Bxc5 8.cxd5 Nxd5
9.Nxd5 exd5 10.a3 Bf5 11.Bd3 Bg6 12.Bxg6 hxg6 13.h4 Nc6 14.h5 Qf6 15.Qxd5 Qxb2
16.O-O Be7 17.hxg6 Qf6 18.gxf7+ Qxf7 19.Qb5 Bf6 20.Rab1  1-0

[Event "Doroshkevich mem"]
[Site "Maykop RUS"]
[Date "2008.05.26"]
[Round "3"]
[White "Weetik,V"]
[Black "Rakov,V"]
[Result "1-0"]
[WhiteElo "2407"]
[BlackElo "2201"]

1.d4 d5 2.c4 e6 3.Nf3 Nf6 4.Nc3 Be7 5.Bf4 c6 6.e3 Nbd7 7.Qc2 O-O 8.h3 Re8
9.Bd3 Nf8 10.O-O dxc4 11.Bxc4 Nd5 12.Bh2 Bd6 13.Bxd6 Qxd6 14.Ne4 Qe7 15.a3 b6
16.Qe2 Bd7 17.Rfd1 Ng6 18.Rac1 Red8 19.Ba2 Be8 20.Ne5 f5 21.Nxg6 Bxg6 22.Nd2 Rac8
23.Nc4 Nf6 24.Ne5 Rd6 25.Rd2 Qb7 26.Rdc2 Be8 27.b4 a6 28.Qf3 g6 29.g4 Kg7
30.Qg2 b5 31.Nd3 Bf7 32.Nc5 Qe7 33.Qg3 Ne8 34.Qe5+ Kg8 35.f3 Ra8 36.Rg2 Ra7
37.Nd3 Ng7 38.Rgc2 Be8 39.Kh2 a5 40.Nf4 axb4 41.gxf5 Nxf5 42.axb4 Ra3 43.Re2 Bf7
44.Bb1 Nh4 45.Be4 g5 46.Rg1 h6 47.Rg4 Qd8 48.Rxh4 gxh4 49.Rg2+ Kf8 50.Bg6 Ra7
51.Bxf7 Rxf7 52.Qh8+ Ke7 53.Ng6+ Kd7 54.Ne5+ Kc7 55.Nxf7  1-0

[Event "Guillermo Garcia Mem"]
[Site "Santa Clara CUB"]
[Date "2008.05.27"]
[Round "9"]
[White "Stamenkovic,Dr"]
[Black "Glud,J"]
[Result "1/2-1/2"]
[WhiteElo "2440"]
[BlackElo "2456"]

1.c4 e6 2.Nc3 d5 3.d4 Nf6 4.Nf3 Be7 5.Bf4 O-O 6.e3 c5 7.cxd5 Nxd5 8.Nxd5 exd5
9.Be2 cxd4 10.exd4 Nc6 11.O-O Be6  1/2-1/2

[Event "TCh-FRA Top 16 Poule Haute"]
[Site "Evry FRA"]
[Date "2008.05.29"]
[Round "8"]
[White "Relange,E"]
[Black "Meier,Geo"]
[Result "1-0"]
[WhiteElo "2479"]
[BlackElo "2560"]

1.d4 e6 2.c4 Nf6 3.Nf3 d5 4.Nc3 Be7 5.Bf4 O-O 6.e3 c5 7.dxc5 Bxc5 8.Qc2 Nc6
9.a3 Qa5 10.Nd2 Bb4 11.cxd5 exd5 12.Bd3 d4 13.O-O Bxc3 14.Nc4 Qh5 15.bxc3 dxe3
16.Nxe3 Bd7 17.Rab1 Na5 18.Nf5 Nd5 19.Ng3 Qh4 20.Bd2 Rac8 21.Rfe1 Rfe8 22.Rxe8+ Bxe8
23.Nf5 Qd8 24.c4 b6 25.Re1 Rc7 26.Nd6 Nf6 27.Bxh7+ Kh8 28.Qd3 Nc6 29.Nxe8 Rd7
30.Qg3  1-0

[Event "TCh-FRA Top 16 Poule Haute"]
[Site "Evry FRA"]
[Date "2008.05.30"]
[Round "9"]
[White "Relange,E"]
[Black "Schmitt,F"]
[Result "1-0"]
[WhiteElo "2479"]
[BlackElo "2164"]

1.d4 Nf6 2.Nf3 e6 3.c4 d5 4.Nc3 Be7 5.Bf4 O-O 6.e3 c5 7.dxc5 Bxc5 8.Qc2 Nc6
9.a3 Qa5 10.Nd2 Be7 11.Bg3 dxc4 12.Nxc4 Qg5 13.h4 Qg6 14.Bd3 Qh5 15.Be2 Qg6
16.O-O-O Qxc2+ 17.Kxc2 Bd7 18.Nd6 Nd8 19.Bf3 Bc6 20.Bxc6 bxc6 21.e4 Ng4 22.Nc4 Bc5
23.Rd2 f5 24.Na4 Be7 25.f3 Nf6 26.exf5 exf5 27.Re1 Re8 28.Bf2 Nf7 29.Re6 Nd8
30.Re5 g6 31.Ra5 Nd5 32.Nc3 Nxc3 33.Kxc3 Nb7 34.Ra6 Bf6+ 35.Kc2 Re6 36.b4 Nd8
37.Nb6 Rb8 38.Nd7  1-0

[Event "TCh-FRA Top 16 Poule Basse"]
[Site "Evry FRA"]
[Date "2008.05.31"]
[Round "10"]
[White "Miton,K"]
[Black "Doettling,F"]
[Result "1/2-1/2"]
[WhiteElo "2620"]
[BlackElo "2544"]

1.d4 d5 2.c4 e6 3.Nc3 Be7 4.Nf3 Nf6 5.Bf4 O-O 6.e3 Nbd7 7.c5 Nh5 8.Bd3 Nxf4
9.exf4 c6 10.O-O b6 11.b4 a5 12.a3 Qc7 13.g3 Ba6 14.Bxa6 Rxa6 15.Qe2 Rfa8
16.b5 cxb5 17.c6 Qxc6 18.Nxb5 Rc8 19.Nd6 Rca8 20.Nb5 Rc8 21.Nd6  1/2-1/2

[Event "Mitropa Cup m"]
[Site "Olbia ITA"]
[Date "2008.06.03"]
[Round "9"]
[White "Pilaj,H"]
[Black "Bellini,F"]
[Result "1-0"]
[WhiteElo "2389"]
[BlackElo "2518"]

1.d4 Nf6 2.c4 e6 3.Nf3 d5 4.Nc3 Be7 5.Bf4 O-O 6.e3 Nbd7 7.c5 c6 8.Bd3 b6
9.b4 a5 10.a3 Ba6 11.O-O Qc8 12.h3 Qb7 13.Bxa6 Rxa6 14.Qe2 axb4 15.axb4 b5
16.Qb2 Rfa8 17.Nd2 Bd8 18.Nb3 Ne4 19.Rxa6 Qxa6 20.Ra1 Qb7 21.Rxa8 Qxa8 22.Qa2 Qb7
23.Nxe4 dxe4 24.Nd2 g5 25.Be5 Nxe5 26.dxe5 Bc7 27.Nxe4 Bxe5 28.Nxg5 Qd7 29.Qc2 f5
30.Nf3 Bf6 31.Kf1 Qd5 32.Ke2 h5 33.g3 Kg7 34.h4 Kg6 35.Ne1 e5 36.f3 e4 37.fxe4 fxe4
38.Ng2 Be5 39.Kf2 Kh6 40.Nf4 Bxf4 41.gxf4 Kg6 42.Ke1 Kf6 43.Qb2+ Kf7 44.Qd4 Qe6
45.Qd1 Qf5 46.Kf2 Qg6 47.Qd7+ Kg8 48.Qd8+ Kh7 49.Qe7+ Kh8 50.Qg5 Qf7 51.Qe5+ Kg8
52.Qxe4 Qa2+ 53.Kf3 Qd2 54.Qg6+ Kh8 55.Qh6+ Kg8 56.Qg6+ Kh8 57.Qxh5+ Kg7
58.Qe5+ Kg8 59.Qe6+ Kg7 60.Qe7+ Kg8 61.Qe6+ Kg7 62.Qe5+ Kg8 63.Qd4 Qh2 64.Qd8+ Kh7
65.Qd7+ Kh8 66.Qe8+ Kh7 67.Qh5+ Kg7 68.Qg5+ Kh7 69.f5 Qh3+ 70.Ke2 Qh2+ 71.Kd3 Qa2
72.Qe7+ Kh8 73.Qe8+ Kg7 74.Qd7+ Kh8 75.Qe8+ Kg7 76.Qg6+ Kf8 77.Qf6+  1-0

[Event "Alushta Summer-3"]
[Site "Alushta UKR"]
[Date "2008.06.05"]
[Round "4"]
[White "Chos,A"]
[Black "Shtyrenkov,V"]
[Result "1-0"]
[WhiteElo "2406"]
[BlackElo "2348"]

1.d4 d5 2.c4 e6 3.Nf3 Nf6 4.Nc3 Be7 5.Bf4 O-O 6.e3 c5 7.dxc5 Bxc5 8.a3 Nc6
9.Qc2 Qa5 10.Nd2 Bb4 11.cxd5 exd5 12.Bd3 d4 13.O-O Bxc3 14.Nc4 Qh5 15.bxc3 Nd5
16.Bg3 dxe3 17.Rae1 Be6 18.fxe3 Nde7 19.Nd6 b6 20.Rb1 Nd5 21.Qd2 Qh6 22.Be4 Nce7
23.c4 Qxe3+ 24.Qxe3 Nxe3 25.Rfe1 N3f5 26.Bxa8 Rxa8 27.Rbc1 Nxg3 28.hxg3 Nf5
29.Nxf5 Bxf5 30.c5 bxc5 31.Rxc5 Be6 32.Rb1 g6 33.Rb7 a5 34.a4  1-0

[Event "XXX Nezhmetdinov Mem"]
[Site "Kazan RUS"]
[Date "2008.06.06"]
[Round "6"]
[White "Demidov,Vy"]
[Black "Pavlov,Vi2"]
[Result "1-0"]
[WhiteElo "2172"]
[BlackElo "2079"]

1.d4 d5 2.Nf3 Nf6 3.c4 e6 4.Nc3 Be7 5.Bf4 c6 6.e3 Qa5 7.Nd2 O-O 8.Bd3 Nbd7
9.O-O Re8 10.Rc1 Nf8 11.g4 Nxg4 12.Bg3 Nf6 13.Kh1 Qd8 14.Rg1 Bd6 15.Be5 Bxe5
16.dxe5 N6d7 17.f4 f5 18.cxd5 Nc5 19.Nc4 Nxd3 20.Qxd3 cxd5 21.Nd6 Re7 22.Rc2 Rb8
23.Ncb5 a6 24.Rgc1 Bd7 25.Nd4 Qa5 26.a3 Qb6 27.b4 Rd8 28.Qb3 g6 29.a4 Rb8
30.Qa3 Rg7 31.Rc7 g5 32.a5 Qa7 33.Qa2 gxf4 34.Qf2 fxe3 35.Qxe3 Ng6 36.Rd1 f4
37.Qh3 Rd8 38.Rxb7 Qa8 39.Rg1 Re8 40.Nxe8 Qxe8 41.Qh6 Qf8 42.Nxe6 Kf7 43.Nc5  1-0

[Event "FSGM June"]
[Site "Budapest HUN"]
[Date "2008.06.07"]
[Round "1"]
[White "Nguyen Huynh Minh Huy"]
[Black "Liu Qingnan"]
[Result "1-0"]
[WhiteElo "2482"]
[BlackElo "2344"]

1.Nf3 d5 2.d4 Nf6 3.c4 e6 4.Nc3 Be7 5.Bf4 O-O 6.e3 a6 7.c5 Nh5 8.Bd3 Nc6
9.a3 f5 10.Be2 Nf6 11.Ne5 Nxe5 12.Bxe5 Nd7 13.Bg3 c6 14.b4 g5 15.Qd2 Bf6
16.Bd6 Be7 17.Bxe7 Qxe7 18.f4 g4 19.h4 Nf6 20.g3 Bd7 21.Bd3 Rfb8 22.Na4 Be8
23.Kf2 Ra7 24.Rhc1 Qc7 25.Kg2 h5 26.Rcb1 Kg7 27.Qc2 Kg6 28.Ra2 Qd8 29.Rb3 Bd7
30.Qb1 Ne8 31.Be2 Kg7 32.Bd3 Nc7 33.Nc3 Rba8 34.a4 Be8 35.Nd1 Bd7 36.Nc3 Be8
37.Rab2 Bd7 38.Kf2 Qe8 39.Ra2 Qd8 40.Ke1 Ne8 41.Qc1 Kg6 42.Kd2 Nf6 43.Qb2 Qe7
44.Ke1 Qd8 45.Rba3 Be8 46.Kd1 Bd7 47.Kc2 Ne8 48.b5 axb5 49.axb5 Rxa3 50.Rxa3 cxb5
51.Bxb5 Rxa3 52.Qxa3 Nf6 53.Bd3 Bc6 54.Qa7 Nd7 55.Kb3 Qb8 56.Qxb8 Nxb8 57.Kb4 Kf7
58.Ka5 Nd7 59.Bb5 Ke7 60.Bxc6 bxc6 61.Ka6 Nf6 62.Kb6 Kd7 63.Kb7 Ng8 64.Nd1 Nf6
65.Nf2 e5 66.fxe5 f4 67.exf4 Ne4 68.Nxe4 dxe4 69.d5 e3 70.dxc6+ Ke7 71.c7 e2
72.c8=Q e1=Q 73.Qc7+ Ke6 74.Qd6+ Kf5 75.Qd3+ Ke6 76.Qb3+ Ke7 77.c6 Qe4 78.Qa3+ Ke8
79.Qd6 Qf3 80.Qd7+ Kf8 81.e6 Qb3+ 82.Kc7 Kg8  1-0

[Event "IM"]
[Site "Perm RUS"]
[Date "2008.06.11"]
[Round "1"]
[White "Shinkevich,V"]
[Black "Syrchikov,A"]
[Result "1/2-1/2"]
[WhiteElo "2518"]
[BlackElo "2236"]

1.Nf3 Nf6 2.c4 e6 3.Nc3 d5 4.d4 Be7 5.Bf4 O-O 6.e3 c5 7.dxc5 Bxc5 8.cxd5 Nxd5
9.Nxd5 Qxd5 10.Qxd5 exd5 11.Bb5 Be6 12.Rc1 Rc8 13.Ke2 Nd7 14.Rhd1 Nf6 15.Ba4 a6
16.Bb3 Be7 17.Nd4 Rxc1 18.Rxc1 Rc8 19.Rxc8+ Bxc8 20.f3 Be6 21.e4 Bc5 22.Nxe6 fxe6
23.g4 Kf7 24.g5 Nh5 25.Be3 d4 26.Bd2 Bd6 27.Kd3 Be5 28.a4 b5 29.axb5 axb5
30.h4 Ke7 31.Ba2 g6 32.Bb4+ Kd7 33.Bd2 Ke7 34.Bb4+  1/2-1/2

[Event "TCh-BIH"]
[Site "Neum BIH"]
[Date "2008.06.12"]
[Round "9"]
[White "Sokolov,Iv NED"]
[Black "Somborski,N"]
[Result "0-1"]
[WhiteElo "2690"]
[BlackElo "2351"]

1.d4 d5 2.c4 e6 3.Nc3 Be7 4.Nf3 Nf6 5.Bf4 O-O 6.e3 c5 7.dxc5 Bxc5 8.Qc2 Nc6
9.Rd1 Qa5 10.Be2 dxc4 11.Bxc4 Nb4 12.Qb3 Nbd5 13.Be5 Qb4 14.Bxd5 Nxd5 15.Qc2 b6
16.O-O Bb7 17.h3 Nxc3 18.bxc3 Qe4 19.Qe2 Rfd8  0-1

[Event "FSGM June"]
[Site "Budapest HUN"]
[Date "2008.06.16"]
[Round "10"]
[White "Rajlich,I"]
[Black "Liu Qingnan"]
[Result "1-0"]
[WhiteElo "2411"]
[BlackElo "2344"]

1.d4 Nf6 2.c4 e6 3.Nc3 d5 4.Nf3 Be7 5.Bf4 O-O 6.e3 b6 7.cxd5 exd5 8.Bd3 c5
9.Ne5 Bb7 10.O-O Nc6 11.Nxc6 Bxc6 12.Qf3 Re8 13.Be5 Nd7 14.Qh3 Nf8 15.dxc5 Bxc5
16.Qg3 Ng6 17.Bxg6 hxg6 18.Rad1 Qe7 19.Bd4 Rad8 20.h4 Rd6 21.a3 a5 22.Rd2 Red8
23.Rfd1 Qb7 24.h5 Re6 25.Ne2 Bd6 26.Nf4 Ba4 27.Rc1 Bxf4 28.Qxf4 Rc8 29.Rxc8+ Qxc8
30.Bc3 Bb3 31.Qd4 f6 32.hxg6 Qc4 33.f3 Qxd4 34.Bxd4 f5 35.Rd3 Bc4 36.Rc3 a4
37.Kf2 Rxg6 38.Rc1 Rh6 39.Rg1 Rg6 40.Rh1 b5 41.Rh5 Bd3 42.Bc3 Rh6 43.Rg5 g6
44.Kg3 Kf7 45.Kf4 Rh5 46.Rg3 Rh2 47.Ke5 Bf1 48.Bd4 Bc4 49.Kd6 Rh5 50.f4 Rh2
51.Rf3 Rh6 52.Rf2 Rh2 53.Rc2 Kg8 54.Rc1 Kf7 55.Rg1 Rh6 56.g4 fxg4 57.Rxg4 g5+
58.Kd7 gxf4 59.Rxf4+ Kg6 60.Ke6 Kg5+ 61.Ke7 Rh7+ 62.Ke6 Rh6+ 63.Kf7 Rh7+
64.Ke6 Rh6+ 65.Bf6+ Rxf6+ 66.Rxf6 d4+ 67.Ke5 dxe3 68.Rf3 e2 69.Rg3+ Kh4 70.Rg1 Kh3
71.Kd4 Kh2 72.Rc1 Kg3 73.Ke3 Kg2 74.Re1 Kg3 75.Rg1+ Kh4 76.Kd2 Kh5 77.Re1 Kg5  1-0

[Event "White Nights Open"]
[Site "St Petersburg RUS"]
[Date "2008.06.23"]
[Round "3"]
[White "Popov,Val"]
[Black "Lushnikov,A"]
[Result "1-0"]
[WhiteElo "2525"]
[BlackElo "2272"]

1.Nf3 d5 2.d4 Nf6 3.c4 e6 4.Nc3 Be7 5.Bf4 O-O 6.e3 b6 7.cxd5 exd5 8.Be2 Bb7
9.O-O c5 10.Rc1 Ne4 11.dxc5 Nxc3 12.Rxc3 bxc5 13.Rb3 Qc8 14.Ne5 Nd7 15.Bg4 f5
16.Bf3 Nxe5 17.Bxe5 Rd8 18.h3 Bc6 19.Rd3 Qe6 20.Bc3 Rd7 21.Re1 Rf8 22.a3 Bf6
23.Bxf6 Rxf6 24.Rc3 c4 25.b3 h6 26.Qd4 f4 27.Bg4  1-0

[Event "White Nights Open"]
[Site "St Petersburg RUS"]
[Date "2008.06.24"]
[Round "4"]
[White "Biriukov,O"]
[Black "Vunder,A"]
[Result "1/2-1/2"]
[WhiteElo "2391"]
[BlackElo "2241"]

1.d4 e6 2.c4 d5 3.Nc3 Be7 4.Nf3 Nf6 5.Bf4 O-O 6.e3 c5 7.dxc5 Bxc5 8.Qc2 Nc6
9.a3 Qa5 10.Rd1 Be7 11.Be2 dxc4 12.Bxc4 a6 13.O-O b5 14.Bd3 Bb7 15.Ne4 Rac8
16.Nxf6+ Bxf6 17.Bxh7+ Kh8 18.Qb1 b4 19.Be4 Rfd8 20.axb4 Qxb4 21.h3 Qb5 22.b3 g6
23.Bd6 Kg7 24.Rd2 Na5 25.Bxb7 Nxb7 26.Ba3 Na5 27.Bb2 e5 28.Rxd8 Rxd8 29.Bc3 Nxb3
30.Bxe5 Bxe5 31.Nxe5 Qxe5 32.Qxb3 a5 33.Rc1 Rd2 34.Rc4 Qa1+ 35.Kh2 Rxf2 36.Qc3+ Rf6  1/2-1/2

[Event "Atlantis Promotiegroep"]
[Site "Groningen NED"]
[Date "2008.07.02"]
[Round "6"]
[White "Hoeksema,E"]
[Black "Houtman,J"]
[Result "0-1"]
[WhiteElo "2347"]
[BlackElo "2233"]

1.d4 d5 2.c4 e6 3.Nc3 Nf6 4.Nf3 Be7 5.Bf4 O-O 6.e3 c5 7.dxc5 Bxc5 8.cxd5 Nxd5
9.Nxd5 exd5 10.a3 Nc6 11.Bd3 Bb6 12.O-O d4 13.e4 Bg4 14.h3 Qf6 15.hxg4 Qxf4
16.g5 f6 17.g3 Qg4 18.gxf6 Rxf6 19.Nh2 Qxd1 20.Raxd1 Ne5 21.f4 Nxd3 22.Rxd3 Rc8
23.Rf2 Rfc6 24.Nf3 Rc2 25.Rfd2 R8c3 26.Kg2 Rxb2  0-1

[Event "World Open"]
[Site "Philadelphia USA"]
[Date "2008.07.03"]
[Round "3"]
[White "Shulman,Y"]
[Black "Ippolito,D"]
[Result "1-0"]
[WhiteElo "2623"]
[BlackElo "2445"]

1.d4 d5 2.c4 e6 3.Nf3 Nf6 4.Nc3 Be7 5.Bf4 O-O 6.e3 c5 7.dxc5 Bxc5 8.cxd5 Nxd5
9.Nxd5 exd5 10.a3 Nc6 11.Bd3 Bb6 12.O-O Bg4 13.h3 Bh5 14.b4 d4 15.b5 Na5
16.exd4 Bxd4 17.Bxh7+ Kxh7 18.Qd3+ Bg6 19.Qxd4 Nb3 20.Qxd8 Raxd8 21.Rad1 Bd3
22.Rfe1 Bxb5 23.Rb1 Bc4 24.Re7 Bd5 25.Ng5+ Kg8 26.Rd1 Bc6 27.Rxd8 Rxd8 28.Rxf7 Rf8
29.Rxf8+ Kxf8 30.f3 b5 31.Kf2 a5 32.Ke3 Ke7 33.Be5 g6 34.Bc3 Bd5 35.h4 Bc4
36.g4 Kf8 37.Kf4 Kg8 38.Ke5 Bd3 39.Kf6 Bc2 40.Ne4 Bd1 41.Kxg6 Bxf3 42.Nf6+ Kf8
43.g5 Be2 44.Kh6 Nc5 45.g6 Ne6 46.Bxa5 Ke7 47.g7  1-0

[Event "XVII Burgas Open"]
[Site "Ourense ESP"]
[Date "2008.07.05"]
[Round "3"]
[White "Spassov,L"]
[Black "Fernandez Borrego,P"]
[Result "1/2-1/2"]
[WhiteElo "2428"]
[BlackElo "2229"]

1.d4 e6 2.c4 d5 3.Nf3 Nf6 4.Nc3 Be7 5.Bf4 O-O 6.e3 b6 7.Rc1 c5 8.cxd5 Nxd5
9.Nxd5 exd5 10.Be2 Bb7 11.O-O Nd7 12.dxc5 bxc5 13.Qa4 Nf6 14.Ba6 Bxa6 15.Qxa6 Qb6
16.Qe2 Ne4 17.Rfd1 Bf6 18.Be5 Rfd8 19.Rc2 Rac8 20.Bxf6 Qxf6 21.Rdc1 Rb8 22.b3 Qf5
23.Ne1 d4 24.Qd3 Qd5 25.Nf3 g6 26.exd4 Rb4 27.Rc4 Ng5 28.Nxg5 Qxg5 29.Rxc5 Rbxd4
30.Rxg5 Rxd3 31.g3 f5 32.g4 Kf7 33.gxf5 Kf6 34.Rg4 gxf5 35.Ra4 R8d7 36.Ra6+ Kg5
37.Kg2 Rg7 38.Rc4 f4 39.f3 Rd2+ 40.Kh3 Rd5 41.Rca4 h5 42.Rxa7 Rxa7 43.Rxa7 Rd3
44.Ra5+ Kg6 45.Kh4 Rxf3 46.Rg5+ Kf6 47.Rxh5 Rf2 48.Kg4 Rxa2 49.Kxf4 Rf2+
50.Ke4 Rb2 51.Rh3 Kg5 52.Kd4 Kg4 53.Rg3+ Kf4 54.Rg8 Rxb3  1/2-1/2

[Event "Sparkassen Open"]
[Site "Dortmund GER"]
[Date "2008.07.06"]
[Round "9"]
[White "Savchenko,Via"]
[Black "Voicu,C"]
[Result "1/2-1/2"]
[WhiteElo "2427"]
[BlackElo "2290"]

1.d4 d5 2.c4 e6 3.Nc3 Be7 4.Nf3 Nf6 5.Bf4 O-O 6.e3 c5 7.cxd5 Nxd5 8.Nxd5 exd5
9.dxc5 Bxc5 10.Bd3 Bb4+ 11.Kf1 Nc6 12.h4 h6 13.Bc2 Be7 14.Qd3 f5 15.Bb3 Be6
16.Rd1 Bf6 17.Bxd5 Bxd5 18.Qxd5+ Qxd5 19.Rxd5 Rfd8 20.Rxd8+ Nxd8 21.Be5 Rc8
22.Bxf6 gxf6 23.Rh3 Rc1+ 24.Ne1 Nc6 25.Ke2 Ne5 26.e4 fxe4 27.Rb3 b6 28.Rc3 Rxc3
29.bxc3 Nc4 30.Nc2 Kf7 31.Nd4 Kg6 32.g3 f5 33.f3 exf3+ 34.Kxf3 Nd2+ 35.Kf4 Ne4
36.Ne2 Kf6 37.g4 Nd6 38.g5+ hxg5+ 39.hxg5+ Kg6 40.Nd4 Ne4 41.Nxf5 Nxc3 42.Ne7+ Kf7
43.Nc8 Nxa2 44.Kf5 Nb4 45.Nxa7 Nd5 46.Nb5 Ne3+ 47.Kf4 Kg6 48.Nc3 Ng2+ 49.Kg4 Ne3+
50.Kh4 Ng2+  1/2-1/2

[Event "ch-IRL"]
[Site "Dublin IRL"]
[Date "2008.07.06"]
[Round "2"]
[White "Conquest,S"]
[Black "Jeffares,S"]
[Result "1-0"]
[WhiteElo "2536"]
[BlackElo "2111"]

1.d4 d5 2.c4 e6 3.Nc3 Be7 4.Nf3 Nf6 5.Bf4 O-O 6.e3 c6 7.Qc2 Nbd7 8.h3 Re8
9.Bd3 dxc4 10.Bxc4 b6 11.O-O Bb7 12.Rad1 Rc8 13.Qe2 b5 14.Bd3 b4 15.Ne4 Nxe4
16.Bxe4 Qb6 17.Nd2 Ba6 18.Nc4 Qd8 19.Bd3 Nb6 20.Ne5 Bxd3 21.Rxd3 f6 22.Ng4 Bd6
23.Bxd6 Qxd6 24.Rc1 Qe7 25.Qc2 Red8 26.Rcd1 c5 27.dxc5 Rxd3 28.Qxd3 Rxc5
29.e4 Rc7 30.Qb5 Kf7 31.Qh5+ Kg8 32.Rd3 Rd7 33.Rg3 Kh8 34.Ne3 Rc7 35.Kh2 Rc5
36.Qe2 Qc7 37.Qg4 Qe7 38.b3 Nd7 39.f4 Rc3 40.Qd1 Nc5 41.Qd4 a5 42.Nc4 Qc7
43.e5 Rxg3 44.Kxg3 f5 45.Kh2 Ne4 46.Nd6 Qc3 47.Nxf5 Qxd4 48.Nxd4 Nc3 49.Nxe6 Nxa2
50.Nc5 Nc1 51.Kg3 a4 52.Nxa4 Nxb3 53.Kf3 Kg8 54.Ke4 Kf7 55.Nb2 Nc1 56.g4 g6
57.f5 gxf5+ 58.gxf5 b3 59.Ke3 Na2 60.Kd4 Nc1 61.Ke3 Na2 62.Nc4 Nc3 63.Kd3 Nd1
64.h4 Nf2+ 65.Kc3 Ng4 66.Kd4 Nf2 67.Nb2 Ng4 68.Ke4 Nh6 69.Nd3 Ke7 70.Kf4 Nf7  1-0

[Event "36th TCh-GRE"]
[Site "Kallithea Halkidiki GRE"]
[Date "2008.07.09"]
[Round "5"]
[White "Tsiamis,K"]
[Black "Tassopoulos,M"]
[Result "1/2-1/2"]
[WhiteElo "2303"]
[BlackElo "2271"]

1.d4 d5 2.c4 e6 3.Nc3 Be7 4.Nf3 Nf6 5.Bf4 O-O 6.e3 Nbd7 7.Bd3 dxc4 8.Bxc4 a6
9.a4 c5 10.dxc5 Nxc5 11.Qe2 Bd7 12.O-O Qa5 13.Ne5 Rfd8 14.Ba2 Rac8 15.Nc4 Qb4
16.Nd6 Rc6 17.Rfd1 Nb3 18.Bxb3 Bxd6 19.Bxd6 Rxd6 20.Rxd6 Qxd6 21.Rd1 Qb6
22.Bc2 Kf8 23.Bb1 Bc6 24.Rxd8+ Qxd8 25.b4 Qd6 26.b5 axb5 27.axb5 Bd7 28.h3 Qb4
29.Qd3 Ke7 30.Ba2 h6 31.Bc4 Qd6 32.Qc2 Qa3 33.Qd3 Qc1+ 34.Kh2 Qe1 35.f3 Qc1
36.Ba2 Qb2  1/2-1/2

[Event "7th Open"]
[Site "La Fere FRA"]
[Date "2008.07.09"]
[Round "6"]
[White "Drenchev,P"]
[Black "Rouffignac,T"]
[Result "1-0"]
[WhiteElo "2450"]
[BlackElo "1640"]

1.c4 e6 2.Nf3 Nf6 3.Nc3 d5 4.d4 Be7 5.Bf4 c5 6.dxc5 Bxc5 7.e3 O-O 8.cxd5 Nxd5
9.Nxd5 exd5 10.a3 Nc6 11.Bd3 Bg4 12.Bxh7+ Kh8 13.Bc2 d4 14.b4 Bb6 15.Qd3 g6
16.Ne5 dxe3 17.Nxg4 exf2+ 18.Kf1 Qe7 19.Qh3+ Kg8 20.Nh6+ Kg7 21.Nf5+ gxf5
22.Bh6+  1-0

[Event "I Open"]
[Site "Sabadell ESP"]
[Date "2008.07.13"]
[Round "1"]
[White "Jankovic,A"]
[Black "Rodriguez Rodriguez,T"]
[Result "1-0"]
[WhiteElo "2532"]
[BlackElo "1946"]

1.d4 d5 2.c4 e6 3.Nf3 Nf6 4.Nc3 Be7 5.Bf4 c6 6.e3 O-O 7.h3 Nbd7 8.Qc2 h6
9.a3 a5 10.g4 dxc4 11.Bxc4 Nd5 12.Nxd5 exd5 13.Ba2 f5 14.gxf5 Kh8 15.Rg1 Nf6
16.Ne5 Kh7 17.f3 Qe8 18.O-O-O Bd7 19.Qg2 Rg8 20.Qg6+  1-0

[Event "Maestro Open"]
[Site "Berdsk RUS"]
[Date "2008.07.16"]
[Round "9"]
[White "Karabut,V"]
[Black "Shlauzer,A"]
[Result "1/2-1/2"]
[WhiteElo "2189"]
[BlackElo "2108"]

1.d4 d5 2.Nf3 Nf6 3.c4 e6 4.Nc3 Be7 5.Bf4 O-O 6.e3 Nbd7 7.Rc1 c6 8.a3 Nh5
9.Bg3 Nxg3 10.hxg3 Nf6 11.Bd3 g6 12.Qc2 Bd6 13.e4 dxe4 14.Nxe4 Nxe4 15.Bxe4 f5
16.Bd3 Qf6 17.O-O b5 18.c5  1/2-1/2

[Event "Ch-AY Boys U16"]
[Site "Tehran IRI"]
[Date "2008.07.16"]
[Round "1"]
[White "Salem,AR"]
[Black "Pourramezanali,A"]
[Result "1-0"]
[WhiteElo "2443"]
[BlackElo "2098"]

1.d4 d5 2.c4 e6 3.Nf3 Nf6 4.Nc3 Be7 5.Bf4 O-O 6.e3 c5 7.cxd5 Nxd5 8.Nxd5 Qxd5
9.dxc5 Qxc5 10.Bd3 Qa5+ 11.Ke2 Nc6 12.a3 Rd8 13.Qc2 e5 14.b4 Qd5 15.Rad1 Qe6
16.Bc4 Qg4 17.h3 Rxd1 18.hxg4 Rxh1 19.Nxe5 Nxe5 20.Bxe5 Bxg4+ 21.f3 Bh5 22.Qe4 Bh4
23.Qxb7 Re1+ 24.Kd2 Rd8+ 25.Bd4 Rg1 26.g4 Bg6 27.Qc7 Rg2+ 28.Be2 h5 29.Qb7 Rg1
30.Bd3 Rg2+ 31.Kc3 Bxd3 32.Kxd3 hxg4 33.fxg4 Rxg4 34.Qxa7 Bf6 35.Qc7 Rg2
36.b5 Ra8 37.a4 Bxd4 38.Qc6 Rxa4 39.Qxg2 Be5 40.Qd5 Bg3 41.Qd8+ Kh7 42.Qg5 Bh4
43.Qf5+ Kg8 44.b6 Rb4 45.b7 Bg3 46.Qc8+ Kh7 47.Qh3+ Bh4 48.Qf5+ Kg8 49.Qc8+  1-0

[Event "Politiken Cup"]
[Site "Helsingor DEN"]
[Date "2008.07.20"]
[Round "2"]
[White "Arkhangelsky,B"]
[Black "Storgaard,M"]
[Result "1-0"]
[WhiteElo "2340"]
[BlackElo "2081"]

1.Nf3 d5 2.d4 e6 3.c4 Nf6 4.Nc3 Be7 5.Bf4 c6 6.Qc2 Nbd7 7.e3 O-O 8.h3 Re8
9.Bd3 dxc4 10.Bxc4 b5 11.Bd3 Bb7 12.O-O a6 13.Ne4 Nxe4 14.Bxe4 Nf6 15.Bd3 Qb6
16.e4 h6 17.Be3 Qa5 18.a3 Rac8 19.b4 Qc7 20.Rab1 Nd7 21.Rfc1 Qb8 22.Qe2 Bd6
23.e5 Be7 24.Nd2 Nf8 25.Qg4 Kh8 26.Ne4 Nh7 27.Qh5 Rf8 28.Bxh6 g6 29.Qf3  1-0

[Event "1st Open"]
[Site "Paleochora GRE"]
[Date "2008.07.22"]
[Round "3"]
[White "Banikas,H"]
[Black "Sandalakis,A"]
[Result "1/2-1/2"]
[WhiteElo "2571"]
[BlackElo "2341"]

1.d4 Nf6 2.c4 e6 3.Nf3 d5 4.Nc3 Be7 5.Bf4 O-O 6.e3 b6 7.cxd5 Nxd5 8.Nxd5 exd5
9.Bd3 c5 10.O-O c4 11.Bc2 Nc6 12.b3 Ba6 13.bxc4 Bxc4 14.Bd3 Na5 15.Qc2 Bxd3
16.Qxd3 Bd6 17.Be5 f6 18.Bxd6 Qxd6 19.Rfc1 Rfc8 20.Qf5 Rxc1+ 21.Rxc1 g6 22.Qc2 Nc4
23.e4 b5 24.h4 Re8 25.exd5 Qxd5 26.a4 a6 27.axb5 axb5 28.Qb3 Kg7 29.Rb1 Rb8
30.Qb4 Nd6 31.Rc1 Rc8 32.Re1 Nf5 33.Qa5 Rd8 34.Kh1 Rd7 35.Rb1 Nxh4 36.Nxh4 Qe4
37.Qxb5 Qxh4+ 38.Kg1 Qxd4 39.Re1 Qd2 40.Qe2 Qxe2 41.Rxe2  1/2-1/2

[Event "19th Czech Chladek & Tintera A Open"]
[Site "Pardubice CZE"]
[Date "2008.07.22"]
[Round "5"]
[White "Luch,M"]
[Black "Vymazal,B"]
[Result "1/2-1/2"]
[WhiteElo "2412"]
[BlackElo "2274"]

1.Nf3 Nf6 2.c4 e6 3.Nc3 d5 4.d4 Be7 5.Bf4 O-O 6.e3 c5 7.dxc5 Qa5 8.a3 dxc4
9.Bxc4 Qxc5 10.Qe2 a6 11.b4 Qa7 12.O-O b5 13.Bd3 Nbd7 14.e4 Bb7 15.Bg5 Rfe8
16.Rac1 Nf8 17.Be3 Qb8 18.Nd2 e5 19.Nb3  1/2-1/2

[Event "ZMD Open"]
[Site "Dresden GER"]
[Date "2008.07.23"]
[Round "5"]
[White "Jaracz,P"]
[Black "Spisla,D"]
[Result "1-0"]
[WhiteElo "2501"]
[BlackElo "1746"]

1.Nf3 d5 2.c4 e6 3.d4 Nf6 4.Nc3 Be7 5.Bf4 c6 6.e3 Nbd7 7.h3 O-O 8.a3 dxc4
9.Bxc4 Nd5 10.Bg3 N7f6 11.Qd2 Bd7 12.Bd3 h6 13.O-O Rc8 14.Rad1 c5 15.Nxd5 Nxd5
16.dxc5 Rxc5 17.Qe2 Ba4 18.Rd2 Qb6 19.e4 Nf6 20.e5  1-0

[Event "ZMD Open"]
[Site "Dresden GER"]
[Date "2008.07.26"]
[Round "8"]
[White "Jaracz,P"]
[Black "Zeberski,J"]
[Result "1/2-1/2"]
[WhiteElo "2501"]
[BlackElo "2396"]

1.Nf3 d5 2.c4 e6 3.d4 Nf6 4.Nc3 Be7 5.Bf4 O-O 6.Qc2 c6 7.e3 Nbd7 8.a3 Re8
9.Rd1 dxc4 10.Bxc4 Nb6 11.Bd3 Nbd5 12.Be5 Nxc3 13.Qxc3 Nd7 14.Bg3 Nf8 15.O-O Bd6
16.Rc1 Bxg3 17.hxg3 Re7 18.Be4 Bd7 19.Ne5 Be8 20.b4 f6 21.Nd3 Bg6 22.Bxg6 Nxg6
23.Rfd1 Rc8 24.Nc5 Nf8 25.Qb2 Rcc7 26.Rd2 Nd7 27.Nd3 Nf8 28.a4 a6 29.Rdc2 Kf7
30.Qb3 Qd6 31.Rc3 h6 32.Nf4 Ng6 33.Nxg6 Kxg6 34.b5 axb5 35.axb5 f5 36.Qc2 Kf6
37.Rc5 Rc8 38.bxc6 Rxc6 39.Rxc6 bxc6 40.Qxc6 Qxc6 41.Rxc6 Kf7 42.f3 h5 43.g4 hxg4
44.fxg4 fxg4 45.Kf2 Ra7 46.Kg3 Ra2 47.Kxg4 Rxg2+ 48.Kf3 Rd2 49.Ke4 Kf6 50.Rc1 Rf2
51.Rc8 Ke7 52.Rc7+ Kf6 53.Rc6 Rd2 54.Rc8 Rh2 55.Rf8+  1/2-1/2